000 00317nam a2200145Ia 4500
008 151213s9999 xx 000 0 und d
020 _a984-809034-1
100 _aU G C
245 _aBrochure
_cU G C
260 _aDhaka
_bU G C
_c2006
300 _a7322 p.
650 _aReference
700 _aU G C
999 _c3892
_d3892